000
00285nam a22001337a 4500
008
170602b xxu||||| |||| 00| 0 eng d
020
_a
400908005822
041
_a
eng
080
_a
94
100
_a
18
101
_a
SHH
245
_a
IMAGES OF ENGLISH
_c
BAILEY,R.W
942
_2
udc
_c
BK
999
_c
15830
_d
15830